Countries with the Southernmost Northernmost Point - Statistics

General Stats
  • This quiz has been taken 47,624 times
    47,426 since last reset
  • The average score is 16 of 20
Answer Stats
Latitude Country % Correct
34 41' S New Zealand
96%
22 20' S South Africa
96%
21 48' S Argentina
94%
17 19' S Chile
93%
28 34' S Lesotho
88%
30 05' S Uruguay
87%
25 44' S Eswatini
83%
16 56' S Namibia
81%
19 17' S Paraguay
81%
17 46' S Botswana
79%
15 37' S Zimbabwe
78%
11 57' S Madagascar
77%
12 30' S Fiji
75%
10 27' S Mozambique
74%
9 40' S Bolivia
73%
10 52' S Samoa
68%
15 36' S Tonga
68%
13 07' S Vanuatu
67%
17 10' S Mauritius
61%
11 22' S Comoros
58%
No matching quizzes found
Score Distribution
Percent of People with Each Score
Percentile by Number Answered
Your Score History
You have not taken this quiz since the last reset